000 01458nam a2200277 a 4500
001 000040453
003 OSt
005 20250621074009.0
008 130826s2002 dr a 001 0 spa d
020 _a9993433357
040 _aDO-SdBNP
_bspa
_cBNPHU
082 4 _a320.97293
_bS471i
_222
111 2 _aSeminario internacional "Democracia y partidos políticos"
_d(2001:26-27 oct.
_cSanto Domingo, República Dominicana)
_966751
245 1 0 _aDemocracia y partidos políticos :
_blegislación y expectativas de cambio.
260 _aSanto Domingo :
_bParticipación Ciudadana,
_c2002.
300 _a382 p. :
_bil. ;
_c21 cm.
500 _aIncluye bibliografía y notas al pie de páginas.
505 0 _gCapítulo I
_tExperiencias regionales en legislación y financiamiento de las campañas electorales --
_gCapítulo II
_tLa democratización de los partidos políticos en República Dominicana --
_gCapítulo III
_tLegislación y financiamiento de los partidos políticos en República Dominicana --
_gCapítulo IV
_tPerspectiva de los partidos políticos sobre la legislación vigente y el anteproyecto de ley.
590 _aInventariado, 2018/LP
650 0 _aDemocracia
_9286
650 4 _aPartidos políticos
_xLegislación
_zRepública Dominicana
_953315
650 4 _aParticipación política
_zRepública Dominicana
_914012
651 0 _aRepública Dominicana
_xPolítica y gobierno
_945
910 _aValidado. Control de calidad EMS
942 _2ddc
_cLBS1
999 _c39943
_d39943